| 000 | nam a22 a 4500 | ||
|---|---|---|---|
| 999 |
_c412262 _d412262 |
||
| 003 | BLK | ||
| 005 | 20210429122818.0 | ||
| 008 | 210429b bu |||||r|||| 00| | bu d | ||
| 040 | _aBLK | ||
| 041 |
_aFRE _cFRE |
||
| 080 |
_aАкушерство. Общи въпроси _b618.2/.7 _z618.2/.7 |
||
| 100 |
_91299 _a Nielly, Maurice _eпърви автор |
||
| 139 | _a Nielly, Maurice | ||
| 245 |
_a Manuel d'obstétrique _bou, Aide-mémoire de l'élève et du praticien _c Maurice Nielly |
||
| 250 | _a2e éd. revue, corr. et augm | ||
| 260 |
_9451687 _aParis _bG. Masson _c1880 |
||
| 300 |
_a260 с. _bс фиг. _c17 см |
||
| 380 | _a61 | ||
| 490 |
_9435080 _aКолекция Редки и ценни издания |
||
| 650 | 0 |
_9247985 _aАкушерство - учебници за ВУЗ |
|
| 653 | 7 |
_9180548 _aакушерство |
|
| 852 |
_aРф 880 _bРц |
||
| 942 |
_cKNG _n0 _s1 |
||
| 944 |
_aCR _c2021-04-29 _kХристина Везирева |
||